000 02600cam a2200337 a 4500
003 EG-GiCUC
005 20250223030639.0
008 120722s2012 ua h f m 000 0 ara d
040 _aEG-GiCUC
_bara
_cEG-GiCUC
041 0 _aara
049 _aايداع
097 _aدكتوراه
099 _aCai01.23.05.Ph.D.2012.جى.ف
100 0 _aجيهان عبدالعظيم السيد خليل
245 1 0 _aفعالية برنامج مقترح فى تنمية المهارات العملية بعلم الأحياء لدى أطفال الرياض /
_cجيهان عبدالعظيم السيد خليل ؛ اشراف ليلى أحمد السيد كرم الدين : سميرة السيد عبدالعال
246 1 5 _aThe effectiveness of a proposed program in the development of practical skills in biology for kindergarten
260 _aالقاهرة :
_bجيهان عبدالعظيم السيد خليل :
_c2012
300 _a426ص :
_bميثليات ؛
_c25سم
502 _aاطروحة (دكتوراه) - جامعة القاهرة - معهد الدراسات التربوية - قسم رياض الأطفال وتعليم الإبتدائى
520 _aيهدف هذا البحث الى بيان فعالية برنامج مقترح فى تنمية المهارات العملية بعلم الإحياء لدى أطفال الرياض مقدما بذلك برنامجا يحتوى على ثلاث وحدات (الانسان - الحيوان - النبات) وتضمنت سته عشر نشاطا عمليا يمارس فيها الطفل المهارات العملية الأزمة لدراسة الكائنات الحيه فى بيناتها الطبيعية بما فى ذلك جسده كالحصول على عينات منها وعمل الملاحظات وتسجيل بيانات وكذلك رسمها وقياس أجزاء منها والتجريب العلمى معها وتوصيل ما تعلمه عنها للأخرين سواء بالاتصال الشفهى أو بالأشكال المرئية كعمل الجرائد التعليمية والرسوم البيانية وعن طريق تصميم ملصق لها
530 _aصدر ايضا كقرص مدمج
653 4 _aأطفال الرياض
653 4 _aالمهارات العملية
653 4 _aعلم الأحياء
700 0 _aسميرة السيد عبدالعال :
_eمشرف
700 0 _aليلى احمد السيد كرم الدين :
_eمشرف
856 _uhttp://172.23.153.220/th.pdf
905 _aNazla
_eRevisor
905 _aSoheir
_eCataloger
942 _2ddc
_cTH
999 _c39047
_d39047